Quizzes
Events
Quiz Creation
Community
Videos
Private Events
Remove Ads
Sign In
Join for FREE
Feedback
Dark Mode
Quiz Categories
Sports
Geography
Music
Movies
Television
Just For Fun
Miscellaneous
History
Literature
Language
Science
Gaming
Entertainment
Religion
Holiday
For Kids
Quiz Lab
Recent
Popular Today
Quiz Kudos Today
Editor Picks
Curator Picks
Quizzes by...
Day
Popularity
Type
Ratings
Length
Year
Community
Subscriptions
Recent Discussions
Orange Saloon
Badges
Playlists
Quests
Create
Leaderboards
Showdown
Live 5
Trivia Bingo
Activity
Puzzle Library
Sporcle Events
Private Events
Virtual Trivia
Globe League
Become a Host
Pub Owners
SporcleCon
Opinionation
Our Games
Videos
Blog
Mobile Apps
Partnerships
Remove Ads and Go Orange
Feedback
Language
Vocabulary
Begins and Ends
Definition
Spanish
French
German
Italian
Chinese
Latin
Translation
Japanese
Language
Vocabulary
Begins and Ends
Definition
Spanish
French
German
Italian
Chinese
Latin
Translation
Japanese
Random Quiz
Search Sporcle
×
Quiz Lab
Quiz Lab
Language
Etymology
Type in answers that appear in a list
Type in answers that appear in a list
Classic
Best Score? Go Orange.
Fruits by Etymology Stats
Can you name the fruits by etymology?
By
the_ever_lasting
5m
24 Questions
643 Plays
643 Plays
643 Plays
Comments
Comments
Give Quiz Kudos
Give Quiz Kudos
-
- Ratings
hide this ad
Forced Order
Answers have to be entered in order
Answers have to be entered in order
Random Order
Randomize order of answers
Randomize order of answers
Replay
Link that replays current quiz
Next Quiz
Link to next quiz in quiz playlist
You Got
0%
They Got
Avg Score
87%
Avg Friend Score
Upgrade to see
Score Distribution
Jump to the score distribution portion of the page
Score
0/24
Timer
05:00
0
Plays Today
Etymology
Fruit
% Correct
Arabic: Naranj Middle English: Orenge
Orange
97.5%
Middle English: Meloun
Melon
96.7%
Middle English: Pinappel
Pineapple
96.6%
Middle English: Blakberie
Blackberry
96.6%
Mandingo: Bananda
Banana
96.3%
Old English: Streawberige
Strawberry
96.3%
Middle English: Peche
Peach
95.8%
Middle English: Pere
Pear
95.6%
Portuguese: Manga
Mango
95.2%
Middle English: Lim
Lime
94.1%
Old French: Figue
Fig
93.5%
Old Norse: Apall, Epli
Apple
93.3%
Etymology
Fruit
% Correct
Greek: Kerasos; French: Cherise (plural)
Cherry
92.5%
Medieval and New Latin: Clementius
Clementine
91.9%
Old French: Crape
Grape
91.8%
Spanish: Papai
Papaya
90.5%
Arabic: Laymun
Lemon
90%
Old High German: Wazzar + Middle English: Meloun
Watermelon
81.3%
Middle English: Raspen + Middle English: Berye
Raspberry
79.9%
Spanish (alteration): Guayaba
Guava
78.1%
Maori fruit, named after a same-
named bird
Kiwi
75.3%
Old French: Crape + Latin: Fructus
Grapefruit
69.1%
Spanish (modification): Aguacate
Avocado
54.6%
Malay: Duri
Durian
46%
Quiz Playlist
Details
Report
Send in Message
Add To Playlist
Classic:
Type in answers that appear in a list
Forced Order:
Answers have to be entered in order
Random Order:
Randomize order of answers
Quiz Source
Last Updated: Feb 16, 2017
Quiz Scoreboard
CHALLENGE
Sign Up to Join the Scoreboard
Show All
Scores
Hide
Comments
May contain spoilers
Recently Published
Popular People in 1961
by mucciniale
History
6m
1-10 Letter E Words III
by El_Dandy
Language
2m
One Thing in Common: World Cities II
by knightlancer
Geography
7m
More to Explore
Quiz From the Vault
Featured Blog Post
Where Did the Easter Bunny Come From?
hide this ad
You Might Also Like...
Tags
Etymology
fruit
Today's Top Quizzes in Language
Browse Language
hide this ad
Today's Top Quizzes in Etymology
Browse Etymology
Top Contributed Quizzes in Language
1
Order Up: Top 10 Most Native Spoken Languages
2
1-10 Letter F Words III
3
1-10 Letter G Words III
4
One Thing in Common: Italy
5
1-10 Letter H Words III
6
1-10 Letter I Words III
7
Hiragana Speed Reading
8
Begins and Ends With AN
9
Vocabulary 5
10
1-10 Letter J Words III
Explore More
Trending Topics
Harry Potter
Kpop
Marvel
Crossword
Anime
NBA
Disney
The Office
Puzzle
Song
NFL
Pokémon
Country
WWE
Soccer
hide this ad
More By:
the_ever_lasting
Quiz
Plays
Rating
Category
Featured
Created
Eagles Studio Album Tracks
5,442
4.31
Music
Oct 26, 2009
Band and Musician's Name By Song A-Z
1,462
2.67
Music
Dec 12, 2009
Halo 3 non-specific medals
1,269
3.91
Gaming
Oct 10, 2009
Fruits by Etymology
643
2.94
Language
Jan 19, 2010
Halo 3 Ranks
551
4.80
Gaming
Oct 10, 2009
Go to Creator's Profile
Score Distribution
Quiz Creator Spotlight
the_ever_lasting
Follow
Send a Message
Quizzes Created
-
Created Quiz Play Count
-
More By This Creator
Popular Quizzes Today
1
Find the US States - No Outlines Minefield
2
The Countries of the World
3
Find the Countries of Europe - No Outlines Minefield
4
Popular People in 1961
5
1-10 Letter E Words III
6
Find the US States
7
One Thing in Common: World Cities II
8
US States
More Language Quizzes
NATO Phonetic Alphabet in Pictures
Published
Trending Quizzes
Risky Map Clicking: Least Populous States A-Z
1-10 Letter F Words
1-10 Letter G Words
One Thing in Common: United Kingdom
Risky Map Clicking: Next State Alphabetically
Recently Updated
Leaping Animals
pecheneg
Reality TV Shows (A-Z)
bhenderson79
Rickey Henderson's Hall of Fame Teammates
pecheneg
Champions League XIs: Arsenal
pecheneg
Quick Pick: Celebrities in WWE's Hall of Fame
aduchscher
A-Z Keypad Blitz II
pecheneg
Multiple Oscar Actors
pecheneg
Mystery Phrase Blitz: Oscar 'Best Actors'
pecheneg
F. Scott Fitzgerald Novels
LTH
Pick 3 Villains
ddd62291
Trending Topics
Anime
NBA
Marvel
Kpop
Disney
Harry Potter
Crossword
Pokémon
Country
WWE
Puzzle
Soccer
NFL
Song
The Office
Your Account Isn't Verified!
In order to create a playlist on Sporcle, you need to verify the email address you used during registration. Go to your
Sporcle Settings
to finish the process.
Report this User
Report this user for behavior that violates our
Community Guidelines
.
Details:
Send Report
Go to the Sporcle.com Mobile Site →
Comments